000 00320nam a2200133Ia 4500
005 20260328104309.0
008 260328s9999||||xx |||||||||||||| ||und||
100 _aOrtiz, Isabel
245 0 _aBiclicletas Muy Antiguas /
_cIsabel Ortiz
260 _bSusaeta
300 _a250 p.
650 _aBICLICLETAS
942 _cBK
999 _c10888
_d10888